5HLuxD.jpg

KING HENRY VIII SENIOR AND PRIMARY SCHOOL LIBRARY OPAC

THE TOOTH FAIRY (Record no. 4336)

000 -LEADER
fixed length control field 00222nam a22000977a 4500
008 - FIXED-LENGTH DATA ELEMENTS--GENERAL INFORMATION
fixed length control field 250206b ||||| |||| 00| 0 eng d
020 ## - INTERNATIONAL STANDARD BOOK NUMBER
International Standard Book Number 9781409309284
082 ## - DEWEY DECIMAL CLASSIFICATION NUMBER
Classification number 823.92
245 ## - TITLE STATEMENT
Title THE TOOTH FAIRY
Remainder of title PEPPA PIG
942 ## - ADDED ENTRY ELEMENTS (KOHA)
Source of classification or shelving scheme
Holdings
Withdrawn status Lost status Source of classification or shelving scheme Damaged status Not for loan Collection code Permanent Location Current Location Shelving location Date acquired Total Checkouts Full call number Barcode Date last seen Date last checked out Price effective from Koha item type Public note
          Fiction KH8 Primary School Library KH8 Primary School Library Fiction 2025-02-06 19 823.92 KHPL00000501023 2026-04-17 2026-04-10 2025-02-06 Books - Fiction KH8 PRIMARY LIBRARY

Powered By KH8 IT Dept